Statistics for Best U.S. States for Affordability

Click here to take the quiz!

General Stats

  • This quiz has been taken 233 times
    (97 since last reset)
  • The average score is 11 of 15

Answer Stats

RankState% Correct
2Alabama
86%
1Mississippi
83%
4Kentucky
81%
3Arkansas
79%
12North Dakota
79%
11Kansas
78%
9Louisiana
77%
8South Dakota
77%
14Tennessee
73%
6Iowa
72%
13Missouri
72%
5West Virginia
69%
15Indiana
68%
10New Mexico
68%
7Oklahoma
67%

Score Distribution

Percentile by Number Answered

Percent of People with Each Score

Your Score History

You have not taken this quiz since the last reset